| 000 | 00405nam a22001337a 4500 | ||
|---|---|---|---|
| 040 | _cNUST | ||
| 082 | _a200 THE | ||
| 100 |
_aImran khan _983993 |
||
| 110 |
_a Supervisor Dr. Ali Hassan _983994 |
||
| 245 | _aTH-SOF-1922-Trend Analysis of Terrorist Incidents in Pakistan-1996-2017 | ||
| 260 |
_aISLAMABAD: _bNUST COLLEGE OF EME, _c2021. |
||
| 650 |
_aMS-COMPUTER ENGINEERING-17 _983995 |
||
| 942 |
_2ddc _cTHE |
||
| 999 |
_c586712 _d586712 |
||